00338 2200145 4500001002100000005001500021035002000036245003600056100001800092300001200110260003600122082000800158084001400166990001200180INLIS00000000000237720250528114120 a0010-05250006691 aFatwa Pujangga /cKahlil Gibran0 aKahlil Gibran a142 hlm aYogyakarta :bDiva Press,c2004 a813 a813 KAH f a0712657